Biomass combustion science, technology and engineering / (Record no. 355720)

000 -LEADER
fixed length control field 01582cam a22004337i 4500
001 - CONTROL NUMBER
control field 17600570
003 - CONTROL NUMBER IDENTIFIER
control field USPCAS-E
005 - DATE AND TIME OF LATEST TRANSACTION
control field 20180118181411.0
008 - FIXED-LENGTH DATA ELEMENTS--GENERAL INFORMATION
fixed length control field 130123s2013 enka b 001 0 eng d
010 ## - LIBRARY OF CONGRESS CONTROL NUMBER
LC control number 2013931488
020 ## - INTERNATIONAL STANDARD BOOK NUMBER
International Standard Book Number 9780857091314 (alk. paper)
020 ## - INTERNATIONAL STANDARD BOOK NUMBER
International Standard Book Number 085709131X (alk. paper)
035 ## - SYSTEM CONTROL NUMBER
System control number (OCoLC)ocn813394494
040 ## - CATALOGING SOURCE
Original cataloging agency YDXCP
Language of cataloging eng
Transcribing agency YDXCP
Description conventions rda
Modifying agency BTCTA
-- BDX
-- OCLCQ
-- CDX
-- OCLCO
-- BWK
-- CUV
-- BWX
-- OCLCF
-- OCLCQ
-- CHVBK
-- DLC
042 ## - AUTHENTICATION CODE
Authentication code lccopycat
050 00 - LIBRARY OF CONGRESS CALL NUMBER
Classification number TD195.B56
Item number B56 2013
082 04 - DEWEY DECIMAL CLASSIFICATION NUMBER
Classification number 333.953
Edition number 23
Author Mark BIO 2013
245 00 - TITLE STATEMENT
Title Biomass combustion science, technology and engineering /
Statement of responsibility, etc. edited by Lasse Rosendahl.
300 ## - PHYSICAL DESCRIPTION
Extent xviii, 302 pages :
Other physical details illustrations ;
Dimensions 24 cm.
490 1# - SERIES STATEMENT
Series statement Woodhead Publishing series in energy,
International Standard Serial Number 2044-9364 ;
Volume/sequential designation number 40
502 ## - DISSERTATION NOTE
Dissertation note 0
504 ## - BIBLIOGRAPHY, ETC. NOTE
Bibliography, etc. note Includes bibliographical references and index.
650 #0 - SUBJECT ADDED ENTRY--TOPICAL TERM
Topical term or geographic name entry element Biomass energy.
650 #0 - SUBJECT ADDED ENTRY--TOPICAL TERM
Topical term or geographic name entry element Biomass energy
General subdivision Environmental aspects.
650 #0 - SUBJECT ADDED ENTRY--TOPICAL TERM
Topical term or geographic name entry element Clean energy industries.
650 #7 - SUBJECT ADDED ENTRY--TOPICAL TERM
Topical term or geographic name entry element Biomass energy.
Source of heading or term fast
650 #7 - SUBJECT ADDED ENTRY--TOPICAL TERM
Topical term or geographic name entry element Biomass energy
General subdivision Environmental aspects.
Source of heading or term fast
650 #7 - SUBJECT ADDED ENTRY--TOPICAL TERM
Topical term or geographic name entry element Clean energy industries.
Source of heading or term fast
650 #7 - SUBJECT ADDED ENTRY--TOPICAL TERM
Topical term or geographic name entry element Bioenergie.
Source of heading or term gnd
650 #7 - SUBJECT ADDED ENTRY--TOPICAL TERM
Topical term or geographic name entry element Brennstoffgewinnung.
Source of heading or term gnd
650 #7 - SUBJECT ADDED ENTRY--TOPICAL TERM
Topical term or geographic name entry element Pyrolyse.
Source of heading or term gnd
650 #7 - SUBJECT ADDED ENTRY--TOPICAL TERM
Topical term or geographic name entry element Holzvergasung.
Source of heading or term gnd
700 1# - ADDED ENTRY--PERSONAL NAME
Personal name Rosendahl, Lasse,
Dates associated with a name 1967-
830 #0 - SERIES ADDED ENTRY--UNIFORM TITLE
Uniform title Woodhead Publishing in energy ;
Volume/sequential designation no. 40.
906 ## - LOCAL DATA ELEMENT F, LDF (RLIN)
a 7
b cbc
c copycat
d 2
e epcn
f 20
g y-gencatlg
942 ## - ADDED ENTRY ELEMENTS (KOHA)
Source of classification or shelving scheme
Koha item type Book
Holdings
Withdrawn status Lost status Source of classification or shelving scheme Damaged status Not for loan Collection code Permanent Location Current Location Shelving location Date acquired Source of acquisition Cost, normal purchase price Total Checkouts Full call number Barcode Date last seen Price effective from Koha item type Copy number
            US-Pakistan Center for Advanced Studies in Energy (USPCAS-E) US-Pakistan Center for Advanced Studies in Energy (USPCAS-E)   12/08/2015 Victoria Co. 21900.00   333.953 BIO 2013 CAS-E0000843 12/08/2015 12/08/2015 Book  
            US-Pakistan Center for Advanced Studies in Energy (USPCAS-E) US-Pakistan Center for Advanced Studies in Energy (USPCAS-E)   12/08/2015 Victoria Co. 21900.00   333.953 BIO 2013 CAS-E0000844 12/08/2015 12/08/2015 Book 2
© 2023 Central Library, National University of Sciences and Technology. All Rights Reserved.